Kompendium medicíny
| Other Authors: | |
|---|---|
| Format: | Journal |
| Language: | Slovak |
| PhysicalDescription: | zv. 25-30 cm |
| Published: |
Bratislava
Sanoma Magazines Slovakia
2004-
Bratislava Ecopress Magazines Bratislava Ecopress Bratislava MAFRA Slovakia |
| ISSN: | 1336-4871 |
| Subjects: |
MARC
| LEADER | 00000cas a2200000 a 4500 | ||
|---|---|---|---|
| 001 | vtls008885125 | ||
| 003 | SK-MaSNL | ||
| 005 | 20260228161440.0 | ||
| 008 | 150707c20049999xo x|p 0 b0slo | ||
| 022 | |a 1336-4871 | ||
| 035 | |a (SVKBB03)vtls000243590 | ||
| 040 | |a SVKBB |b slo |c SVKBB |d SAVUK |d SNK |e AACR2 | ||
| 041 | 0 | |a slo | |
| 044 | |a xo |c SK | ||
| 072 | 7 | |a 61 |x Lekárske vedy. Medicína |2 konspekt | |
| 072 | 7 | |a 614 |x Verejné zdravie a hygiena |2 konspekt | |
| 080 | |a 61 |2 2011 | ||
| 080 | |a 050 |2 2011 | ||
| 080 | |a 614.2 |2 2011 | ||
| 080 | |a (051)-027.561 |2 2011 | ||
| 210 | 0 | |a Kompend. med. | |
| 222 | 0 | |a Kompendium medicíny | |
| 245 | 0 | 0 | |a Kompendium medicíny |
| 246 | 1 | 3 | |a Kompendium medicíny Extra |
| 260 | |a Bratislava |b Sanoma Magazines Slovakia |c 2004- | ||
| 260 | 2 | |3 17-28/2010 |a Bratislava |b Ecopress Magazines | |
| 260 | 2 | |3 2011-2014 |a Bratislava |b Ecopress | |
| 260 | 3 | |3 2015- |a Bratislava |b MAFRA Slovakia | |
| 300 | |a zv. |c 25-30 cm | ||
| 310 | |a Nepravidelne | ||
| 362 | 0 | |a Č. 8 (2004)- | |
| 500 | |a Šéfredaktorka: 2004- , Alena Mosnárová | ||
| 500 | |a Nepravidelné číslovanie, nakoľko sa striedajú s ďalšími prílohami Zdravotníckych novín: Lekárske listy, Medical practice, Pacientske listy | ||
| 500 | |a Od č. 1/2007 s podnázvom: review z odborných kongresov, zjazdov a sympózií ; ?-, review z odborných kongresov a skúsenosti expertov | ||
| 500 | |a Od r. 2007 rozmer zv. 25 cm | ||
| 500 | |a Evidenčné číslo: MK SR EV 3686/09 | ||
| 525 | |a Príloha Zdravotníckych novin ( ISSN 1335-4477 ) | ||
| 650 | 0 | 7 | |a medicína |2 SNKPH |9 899 |
| 650 | 0 | 7 | |a Medicine |2 SNKPHeng |9 266257 |
| 650 | 0 | 7 | |a zdravotníctvo |2 SNKPH |9 1269 |
| 650 | 0 | 7 | |a Health |2 SNKPHeng |9 265749 |
| 655 | 7 | |a odborné časopisy |2 SNKPH |9 70505 | |
| 655 | 7 | |a Professional journals |2 SNKPHeng |9 265007 | |
| 700 | 1 | |a Mosnárová, Alena |4 pbd |9 266510 | |
| 772 | 0 | |t Zdravotnícke noviny |x 1335-4477 |w vtls001466196 | |
| 852 | |a Štátna vedecká knižnica v Banskej Bystrici | ||
| 910 | |a savuk | ||
| 910 | |a snk | ||
| 916 | |a 2004-2014, 2015-2018, 2019, 2020-2022, 2023 | ||
| 999 | |c 5387 |d 7317 | ||
| 952 | |0 0 |1 0 |4 0 |7 0 |8 0 |a SNK |b SNK |d 2024-02-14 |f 1 |i snk2024/2510 |l 0 |o snkČSA 1308/B/2023 |p 17A1522641 |r 2026-02-21 19:50:55 |t č. jan., apr., máj, jún, júl, au |w 2026-02-21 |y PREZ |z jan. 1x ; apr. 3x ; máj 3x ; jún 1x ; júl 1x ; aug. 2x ; sept. 1 ; okt. 3x ; nov. 4x ; dec. 2x | ||
| 952 | |0 0 |1 0 |4 0 |7 0 |8 0 |a SNK |b SNK |d 2021-09-30 |i snk2021/14222 |l 0 |o snkČSA 1308/B/2019 D1 |p 17A1435951 |r 2026-02-21 19:52:53 |t č. 1-4 + extra č. |w 2026-02-21 |y PREZ |z 32 č. Kompendium medicíny extra | ||
| 952 | |0 0 |1 0 |4 0 |7 0 |8 0 |a SNK |b SNK |d 2023-03-08 |f 1 |i snk2023/3992 |l 0 |o snkČSA 1308/B/2021 |p 17A1465663 |r 2026-02-21 20:02:49 |t č. jan.-dec. |w 2026-02-21 |y PREZ |z Počet kusov: 18 ; Jan.=1 ks ; Máj=2 ks ; Jún=1 ks ; Júl=2 ks ; Aug.=1 ks ; Sept.=1 ks ; Okt.=3 ks ; Nov.=3 ks ; Dec.=4 ks | ||
| 952 | |0 0 |1 0 |4 0 |7 0 |8 0 |a SNK |b SNK |d 2023-03-08 |f 1 |i snk2023/4022 |l 0 |o snkČSA 1308/B/2022 |p 17A1465664 |r 2026-02-21 20:02:49 |t č. jan.-dec. |w 2026-02-21 |y PREZ |z Počet kusov: 25 ; Jan.=3 ks ; Febr.=1 ks ; Marec=1 ks ; Máj=1 ks ; Jún=6 ks ; Júl=1 ks ; Aug.=2 ks ; Sept.=1 ks ; Okt.=2 ks ; Nov.=1 ks ; Dec.=6 ks | ||
| 952 | |0 0 |1 0 |4 0 |7 0 |8 0 |a SNK |b SNK |d 2023-03-08 |f 1 |i snk2023/4025 |l 0 |o snkČSA 1308/B/2020 |p 17A1465665 |r 2026-02-21 20:02:49 |t č. jan.-dec. |w 2026-02-21 |y PREZ |z Počet kusov: 16 ; Jan.=1 ks ; Marec=1 ks ; Jún=1 ks ; Sept.=2 ks ; Okt.=3 ks ; Nov.=3 ks ; Dec.=5 ks | ||
| 952 | |0 0 |1 0 |4 0 |7 0 |8 0 |a SNK |b SNK |d 2013-07-30 |f 1 |i snk2013/17930 |l 0 |o snkČSA 1308/B/11(55)/2006 |p 17A0697778 |r 2026-02-21 21:02:51 |t sú č. 3, 9, 21-23, 25-27, 29, 35 |w 2026-02-21 |y PREZ | ||
| 952 | |0 0 |1 0 |4 0 |7 0 |8 0 |a SNK |b SNK |d 2013-07-30 |f 1 |i snk2013/17934 |l 0 |o snkČSA 1308/B/12(56)/2007 |p 17A0697767 |r 2026-02-21 21:02:52 |t č. 1-18 |w 2026-02-21 |y PREZ | ||
| 952 | |0 0 |1 0 |4 0 |7 0 |8 0 |a SNK |b SNK |d 2013-07-30 |i snk2013/17944 |l 0 |o snkČSA 1308/B/12(56)/2007 D1 |p 17A0697768 |r 2026-02-21 21:02:52 |t č. 1-18 |w 2026-02-21 |y PREZ | ||
| 952 | |0 0 |1 0 |4 0 |7 0 |8 0 |a SNK |b SNK |d 2013-07-30 |f 1 |i snk2013/17948 |l 0 |o snkČSA 1308/B/13(57)/2008 |p 17A0697769 |r 2026-02-21 21:02:52 |t č. 1-22 |w 2026-02-21 |y PREZ | ||
| 952 | |0 0 |1 0 |4 0 |7 0 |8 0 |a SNK |b SNK |d 2013-07-30 |i snk2013/17951 |l 0 |o snkČSA 1308/B/13(57)/2008 D1 |p 17A0697770 |r 2026-02-21 21:02:52 |t č. 1-22 |w 2026-02-21 |y PREZ | ||
| 952 | |0 0 |1 0 |4 0 |7 0 |8 0 |a SNK |b SNK |d 2013-07-30 |f 1 |i snk2013/17968 |l 0 |o snkČSA 1308/B/14(58)/2009 |p 17A0697771 |r 2026-02-21 21:02:54 |t č. 1-23 |w 2026-02-21 |y PREZ | ||
| 952 | |0 0 |1 0 |4 0 |7 0 |8 0 |a SNK |b SNK |d 2013-07-30 |i snk2013/17969 |l 0 |o snkČSA 1308/B/14(58)/2009 D1 |p 17A0697772 |r 2026-02-21 21:02:54 |t č. 1-23 |w 2026-02-21 |y PREZ | ||
| 952 | |0 0 |1 0 |4 0 |7 0 |8 0 |a SNK |b SNK |d 2013-07-30 |f 1 |i snk2013/17972 |l 0 |o snkČSA 1308/B/15(59)/2010 |p 17A0697773 |r 2026-02-21 21:02:54 |t sú č. 1-8, 13, 15-20, 22, 24-28 |w 2026-02-21 |y PREZ |z č. 9-12, 21, 23 neboli vydané ; chýba č. 14 | ||
| 952 | |0 0 |1 0 |4 0 |7 0 |8 3 |a SNK |b SNK |d 2025-07-18 |i snk2025/11607 |l 0 |o snkČSA 1308/B/2022 D1 |p 17A1557394 |r 2026-02-21 21:10:51 |t č. jan.-dec., neúplné |w 2026-02-21 |y PREZ |z Chýba 1č. z augusta | ||
| 952 | |0 0 |1 0 |4 0 |7 0 |8 3 |a SNK |b SNK |d 2025-07-18 |i snk2025/11609 |l 0 |o snkČSA 1308/B/2023 D1 |p 17A1557395 |r 2026-02-21 21:10:51 |t č. jan., apr., máj, jún, júl, au |w 2026-02-21 |y PREZ |z jan. 1x ; apr. 3x ; máj 3x ; jún 1x ; júl 1x ; aug. 2x ; sept. 1 ; okt. 3x ; nov. 4x- chýbajú 2ks ; dec. 2x | ||
| 952 | |0 0 |1 0 |4 0 |7 0 |8 0 |a SNK |b SNK |d 2025-07-18 |i snk2025/11619 |l 0 |o snkČSA 1308/B/2024 |p 17A1557396 |r 2026-02-21 21:10:51 |t č. jan.-dec. |w 2026-02-21 |y PREZ |z Jan.-2ks ; Febr.-2ks ; Máj-1ks ; Jún-2ks ; Júl-1ks ; August-1ks ; Okt.-4ks ; Nov.-3ks ; Dec.-2ks | ||
| 952 | |0 0 |1 0 |4 0 |7 0 |8 0 |a SNK |b SNK |d 2013-07-30 |i snk2013/17974 |l 0 |o snkČSA 1308/B/15(59)/2010 D1 |p 17A0697774 |r 2026-02-21 21:13:24 |t č. 1-8, 13, 15-20, 22, 24, 26-28 |w 2026-02-21 |y PREZ |z č. 9-12, 21, 23 neboli vydané ; chýba č. 14 | ||
| 952 | |0 0 |1 0 |4 0 |7 0 |8 0 |a SNK |b SNK |d 2013-07-30 |f 1 |i snk2013/17976 |l 0 |o snkČSA 1308/B/16(60)/2011 |p 17A0697775 |r 2026-02-21 21:13:24 |t č. 1-19 + extra č. |w 2026-02-21 |y PREZ |z 4 extra č. | ||
| 952 | |0 0 |1 0 |4 0 |7 0 |8 0 |a SNK |b SNK |d 2013-07-30 |i snk2013/17977 |l 0 |o snkČSA 1308/B/16(60)/2011 D1 |p 17A0697776 |r 2026-02-21 21:13:24 |t č. 1-19 + extra č. |w 2026-02-21 |y PREZ |z 4 extra č. | ||
| 952 | |0 0 |1 0 |4 0 |7 0 |8 0 |a SNK |b SNK |d 2013-07-30 |f 1 |i snk2013/17978 |l 0 |o snkČSA 1308/B/17(61)/2012 |p 17A0697777 |r 2026-02-21 21:13:24 |t č. 1-21 |w 2026-02-21 |y PREZ | ||
| 952 | |0 0 |1 0 |4 0 |7 0 |8 0 |a SNK |b SNK |d 2013-07-30 |i snk2013/17985 |l 0 |o snkČSA 1308/B/11(55)/2006 D1 |p 17A0697779 |r 2026-02-21 21:13:24 |t sú č. 9, 21-23, 25-27, 29, 35, 3 |w 2026-02-21 |y PREZ |z chýba č. 3 | ||
| 952 | |0 0 |1 0 |4 0 |7 0 |8 0 |a SNK |b SNK |d 2007-11-08 |f 1 |i snk2007/24193 |l 0 |o snkČSA 1308/B/9(53)/2004 |p 17A0556958 |r 2026-02-21 21:22:51 |t sú č. 8, 14, 17, 20, 25-26, 35, |w 2026-02-21 |y PREZ |z 2-krát č. 37 | ||
| 952 | |0 0 |1 0 |4 0 |7 0 |8 0 |a SNK |b SNK |d 2007-11-08 |i snk2007/24196 |l 0 |o snkČSA 1308/B/9(53)/2004 D1 |p 17A0556959 |r 2026-02-21 21:22:51 |t sú č. 8, 14, 17, 20, 25-26, 35, |w 2026-02-21 |y PREZ | ||
| 952 | |0 0 |1 0 |4 0 |7 0 |8 0 |a SNK |b SNK |d 2007-11-08 |f 1 |i snk2007/24197 |l 0 |o snkČSA 1308/B/10(54)/2005 |p 17A0556960 |r 2026-02-21 21:22:51 |t sú č. 8, 12, 21, 25-26, 38, 40, |w 2026-02-21 |y PREZ | ||
| 952 | |0 0 |1 0 |4 0 |7 0 |8 0 |a SNK |b SNK |d 2007-11-08 |i snk2007/24198 |l 0 |o snkČSA 1308/B/10(54)/2005 D1 |p 17A0556961 |r 2026-02-21 21:22:51 |t sú č. 8, 12, 21, 25-26, 38, 40, |w 2026-02-21 |y PREZ | ||
| 952 | |0 0 |1 0 |4 0 |7 0 |8 0 |a SNK |b SNK |d 2015-06-09 |f 1 |i snk2015/17890 |l 0 |o snkČSA 1308/B/18(62)/2013 |p 17A1096568 |r 2026-02-21 21:45:07 |t č. 1-14 + extra č. |w 2026-02-21 |y PREZ |z 2 extra č. | ||
| 952 | |0 0 |1 0 |4 0 |7 0 |8 0 |a SNK |b SNK |d 2015-06-09 |f 1 |i snk2015/17892 |l 0 |o snkČSA 1308/B/19(63)/2014 |p 17A1096569 |r 2026-02-21 21:45:07 |t č. 1-14 + extra č. |w 2026-02-21 |y PREZ |z 8 extra č. | ||
| 952 | |0 0 |1 0 |4 0 |7 0 |8 0 |a SNK |b SNK |d 2015-06-09 |i snk2015/17907 |l 0 |o snkČSA 1308/B/17(61)/2012 D1 |p 17A1096566 |r 2026-02-21 21:45:19 |t č. 1-21, neúplné |w 2026-02-21 |y PREZ |z chýba č. 15 | ||
| 952 | |0 0 |1 0 |4 0 |7 0 |8 0 |a SNK |b SNK |d 2015-06-09 |i snk2015/17910 |l 0 |o snkČSA 1308/B/18(62)/2013 D1 |p 17A1096567 |r 2026-02-21 21:45:19 |t č. 1-14 + extra č. |w 2026-02-21 |y PREZ |z 2 extra č. | ||
| 952 | |0 0 |1 0 |4 0 |7 0 |8 0 |a SNK |b SNK |d 2017-03-31 |i snk2017/7922 |l 0 |o snkČSA 1308/B/19(63)/2014 D1 |p 17A1205686 |r 2026-02-21 21:53:56 |t č. 1-14, neúplné + extra č. |w 2026-02-21 |y PREZ |z 8 extra č. | ||
| 952 | |0 0 |1 0 |4 0 |7 0 |8 0 |a SNK |b SNK |d 2017-03-31 |f 1 |i snk2017/7939 |l 0 |o snkČSA 1308/B/20(64)/2015 |p 17A1205687 |r 2026-02-21 21:53:56 |t č. 1-14 + extra č. |w 2026-02-21 |y PREZ |z 13 čísiel Kompendium medicíny extra | ||
| 952 | |0 0 |1 0 |4 0 |7 0 |8 0 |a SNK |b SNK |d 2017-03-31 |i snk2017/7945 |l 0 |o snkČSA 1308/B/20(64)/2015 D1 |p 17A1205688 |r 2026-02-21 21:53:56 |t č. 1-14 + extra č. |w 2026-02-21 |y PREZ |z 13 čísiel Kompendium medicíny extra | ||
| 952 | |0 0 |1 0 |4 0 |7 0 |8 0 |a SNK |b SNK |d 2017-03-31 |f 1 |i snk2017/7951 |l 0 |o snkČSA 1308/B/21(65)/2016 |p 17A1205689 |r 2026-02-21 21:53:56 |t č. 1-13 + extra č. |w 2026-02-21 |y PREZ |z 15 čísiel Kompendium medicíny extra | ||
| 952 | |0 0 |1 0 |4 0 |7 0 |8 0 |a SNK |b SNK |d 2018-05-09 |i snk2018/10033 |l 0 |o snkČSA 1308/B/21(65)/2016 D1 |p 17A1325900 |r 2026-02-21 22:05:19 |t č. 1-13, neúplné + extra č. |w 2026-02-21 |y PREZ |z Chýba č. 3 ; 15 čísiel Kompendium medicíny extra | ||
| 952 | |0 0 |1 0 |4 0 |7 0 |8 0 |a SNK |b SNK |d 2018-05-09 |f 1 |i snk2018/10034 |l 0 |o snkČSA 1308/B/2017 |p 17A1325901 |r 2026-02-21 22:05:19 |t č. 1-13 + extra č. |w 2026-02-21 |y PREZ |z 19 čísiel Kompendium medicíny extra | ||
| 952 | |0 0 |1 0 |4 0 |7 0 |8 0 |a SNK |b SNK |d 2020-08-25 |i snk2020/14998 |l 0 |o snkČSA 1308/B/2018 D1 |p 17A1430908 |r 2026-02-21 22:08:51 |t č. 1-17, neúplné + extra č. |w 2026-02-21 |y PREZ |z Chýba č. 11 ; ; 18 čísiel Kompendium medicíny extra ; | ||
| 952 | |0 0 |1 0 |4 0 |7 0 |8 0 |a SNK |b SNK |d 2020-08-24 |f 1 |i snk2020/14904 |l 0 |o snkČSA 1308/B/2018 |p 17A1430907 |r 2026-02-21 22:08:59 |t č. 1-17, neúplné + extra č. |w 2026-02-21 |y PREZ |z Chýba č. 11 ; ; 20 čísiel Kompendium medicíny extra ; | ||
| 952 | |0 0 |1 0 |4 0 |7 0 |8 0 |a SNK |b SNK |d 2018-07-25 |i snk2018/15867 |l 0 |o snkČSA 1308/B/2017 D1 |p 17A1327531 |r 2026-02-21 22:19:51 |t č. 1-13 + extra č. |w 2026-02-21 |y PREZ |z 19 čísiel Kompendium medicíny extra | ||
| 952 | |0 0 |1 0 |4 0 |7 0 |8 0 |a SNK |b SNK |d 2020-11-12 |f 1 |i snk2020/20507 |l 0 |o snkČSA 1308/B/2019 |p 17A1432724 |r 2026-02-21 22:23:35 |t sú č. 1-4 + extra č. |w 2026-02-21 |y PREZ |z 33 čísiel Kompendium medicíny extra ; č.1 pokračuje za č. 2-4 a príl. Kompendium medicíny extra január- február | ||


